=LDR 00000nam 2200000 4500 =001 NUTBA000000000004843 =005 20141010095728.0 =006 =007 =008 =020 ##$$a978-979-002-532-5 =035 ##$$a 0010-101400000000073 =082 ##$$a398 =100 ##$$aSRTIAWAN DALIMARTHA =245 ##$$aMAKANAN DAN HERBAL UNTYUK PENDERITA DIABETERS MELITUS =260 ##$$a JAKARTA $b PENEBAR SWADAYA $c 2012 =850 ##$$a NBPNMAT